Kontynenty na mapie i inne regiony - Statystyki

Ogólne statystyki
  • Ten quiz został rozwiązany 137 razy
    130 od ostatniego zresetowania
  • Średni wynik to 8 z 9
Odpowiedzi na mapie
Odpowiedzi zakodowano w zielono-czerwonej skali na mapie do tego quizu, zgodnie z poniższymi procentami.
 
Statystyki odpowiedzi
Odpowiedź % Poprawnych
Afryka
96%
Australia
91%
Azja
86%
Bliski Wschód
86%
Europa
86%
Ameryka Północna
84%
Ameryka Południowa
84%
Ameryka Środkowa
77%
Karaiby
75%
Nie znaleziono quizów pasujących do podanych kryteriów
Rozkład punktacji
Procent ludzi z każdym wynikiem
Percentyl według liczby udzielonych odpowiedzi
Twoja historia wyników
Nie rozwiązałeś tego quizu od ostatniego zresetowania